000 00646nam a2200193Ia 4500
003 IN-BaIIA
008 211028s9999 xx 000 0 eng d
020 _a1-56396-188-1
040 _cIIA Library
080 _a5(082)
_bSTR
245 4 _aThe physical review
_bthe first hundred years, a selection of seminar papers and commentaries
_cedited by H. Henry Stroke
260 _aNew York
_bAmerican Institute of Physics
_c1955
300 _axix, 1266p
650 _aPhysical review
_921098
650 _aPhysics
_973
650 _aStroke,H. Henry
_921099
700 _aStroke, H. Henry., ed.
_921100
942 _cBK
999 _c12110
_d12110